Brand licensing & technical service : total solution for sports shoes.
| Format: | Book |
|---|---|
| Published: |
Seoul:
Kukje Corporation,
[199-].
|
| Subjects: |
| LEADER | 00458cam a2200157 7i4500 | ||
|---|---|---|---|
| 001 | 0000005558 | ||
| 005 | 20040303090000.0 | ||
| 020 | 0 | 0 | |a T000005633 |
| 090 | 0 | 0 | |a P 391.413 |b BRA |
| 245 | 0 | 0 | |a Brand licensing & technical service : |b total solution for sports shoes. |
| 260 | 0 | 0 | |a Seoul: |b Kukje Corporation, |c [199-]. |
| 300 | # | # | |a [n.p]. |
| 650 | 0 | 0 | |a Footwaer |
| 650 | 0 | 0 | |a Sportshoes |
| 650 | 0 | 0 | |a Branding |
| 999 | |a 0000007693 |b Book |c Open shelf |e Business Information Centre | ||